<?xml version="1.0" encoding="UTF-8"?>
<record
    xmlns:xsi="http://www.w3.org/2001/XMLSchema-instance"
    xsi:schemaLocation="http://www.loc.gov/MARC21/slim http://www.loc.gov/standards/marcxml/schema/MARC21slim.xsd"
    xmlns="http://www.loc.gov/MARC21/slim">

  <leader>02077nam a22003497a 4500</leader>
  <controlfield tag="005">2009101503193.0</controlfield>
  <controlfield tag="008">091015t        xxu||||| |||| 00| 0 eng d</controlfield>
  <datafield tag="010" ind1=" " ind2=" ">
    <subfield code="a">ENG-95135  B-422843-847</subfield>
  </datafield>
  <datafield tag="020" ind1=" " ind2=" ">
    <subfield code="a">978007010682603</subfield>
    <subfield code="c">495.00</subfield>
  </datafield>
  <datafield tag="020" ind1=" " ind2=" ">
    <subfield code="a">0070682607</subfield>
    <subfield code="c">515.00</subfield>
  </datafield>
  <datafield tag="035" ind1=" " ind2=" ">
    <subfield code="a">EN-78668  B-422843-847</subfield>
  </datafield>
  <datafield tag="037" ind1=" " ind2=" ">
    <subfield code="b">DBAD/PUB</subfield>
  </datafield>
  <datafield tag="037" ind1=" " ind2=" ">
    <subfield code="b">K.K.Pub/Ven</subfield>
  </datafield>
  <datafield tag="040" ind1=" " ind2=" ">
    <subfield code="a">DPL</subfield>
    <subfield code="b">ENG</subfield>
  </datafield>
  <datafield tag="082" ind1=" " ind2=" ">
    <subfield code="a">658.802</subfield>
  </datafield>
  <datafield tag="100" ind1=" " ind2=" ">
    <subfield code="a">Cravens, David W.</subfield>
    <subfield code="9">28411</subfield>
  </datafield>
  <datafield tag="245" ind1=" " ind2=" ">
    <subfield code="a">Strategic marketing </subfield>
    <subfield code="c">by David W. Cravens [and] Nigel F. Piercy</subfield>
  </datafield>
  <datafield tag="250" ind1=" " ind2=" ">
    <subfield code="a">8th ed.</subfield>
  </datafield>
  <datafield tag="260" ind1=" " ind2=" ">
    <subfield code="a">New Delhi</subfield>
    <subfield code="b">Tata McGraw Hill Education</subfield>
    <subfield code="c">2009</subfield>
  </datafield>
  <datafield tag="270" ind1=" " ind2=" ">
    <subfield code="a">Tata McGraw Hill Education Private Limited, 7 West Patel Nagar</subfield>
    <subfield code="b">New Delhi</subfield>
    <subfield code="e">110008</subfield>
  </datafield>
  <datafield tag="300" ind1=" " ind2=" ">
    <subfield code="a">xvii, 726 p.</subfield>
    <subfield code="c">25cm (Pbk)</subfield>
  </datafield>
  <datafield tag="500" ind1=" " ind2=" ">
    <subfield code="a">Includes index</subfield>
  </datafield>
  <datafield tag="700" ind1=" " ind2=" ">
    <subfield code="a">Piercy, Nigel F.</subfield>
    <subfield code="9">28412</subfield>
  </datafield>
  <datafield tag="942" ind1=" " ind2=" ">
    <subfield code="2">ddc</subfield>
    <subfield code="c">EN</subfield>
    <subfield code="m">CRA</subfield>
    <subfield code="h">658.802</subfield>
  </datafield>
  <datafield tag="999" ind1=" " ind2=" ">
    <subfield code="c">30951</subfield>
    <subfield code="d">30951</subfield>
  </datafield>
  <datafield tag="952" ind1=" " ind2=" ">
    <subfield code="0">0</subfield>
    <subfield code="1">0</subfield>
    <subfield code="2">ddc</subfield>
    <subfield code="4">0</subfield>
    <subfield code="7">1</subfield>
    <subfield code="8">NFIC</subfield>
    <subfield code="a">DBAD</subfield>
    <subfield code="b">DBAD</subfield>
    <subfield code="d">2009-10-15</subfield>
    <subfield code="e">DBAD / PUB</subfield>
    <subfield code="g">495.00</subfield>
    <subfield code="l">0</subfield>
    <subfield code="o">658.802 CRA</subfield>
    <subfield code="p">EN-78668</subfield>
    <subfield code="r">2009-10-15 00:00:00</subfield>
    <subfield code="t">1</subfield>
    <subfield code="v">495.00</subfield>
    <subfield code="w">2009-10-15</subfield>
    <subfield code="y">EN</subfield>
  </datafield>
  <datafield tag="952" ind1=" " ind2=" ">
    <subfield code="0">0</subfield>
    <subfield code="1">0</subfield>
    <subfield code="2">ddc</subfield>
    <subfield code="4">0</subfield>
    <subfield code="7">0</subfield>
    <subfield code="8">NFIC</subfield>
    <subfield code="a">L</subfield>
    <subfield code="b">L</subfield>
    <subfield code="d">2011-06-03</subfield>
    <subfield code="e">K.K.Pub/2300/9.3.11/77/4.3.11/15.3.11</subfield>
    <subfield code="g">515.00</subfield>
    <subfield code="l">2</subfield>
    <subfield code="m">2</subfield>
    <subfield code="o">658.802 CRA</subfield>
    <subfield code="p">B-422843</subfield>
    <subfield code="r">2021-11-27 00:00:00</subfield>
    <subfield code="s">2021-10-12</subfield>
    <subfield code="t">2</subfield>
    <subfield code="v">515.00</subfield>
    <subfield code="w">2011-06-03</subfield>
    <subfield code="y">EN</subfield>
  </datafield>
  <datafield tag="952" ind1=" " ind2=" ">
    <subfield code="0">0</subfield>
    <subfield code="1">0</subfield>
    <subfield code="2">ddc</subfield>
    <subfield code="4">0</subfield>
    <subfield code="7">0</subfield>
    <subfield code="8">NFIC</subfield>
    <subfield code="a">L</subfield>
    <subfield code="b">L</subfield>
    <subfield code="d">2011-06-03</subfield>
    <subfield code="e">K.K.Pub/2300/9.3.11/77/4.3.11/15.3.11</subfield>
    <subfield code="g">515.00</subfield>
    <subfield code="l">0</subfield>
    <subfield code="o">658.802 CRA</subfield>
    <subfield code="p">B-422844</subfield>
    <subfield code="r">2011-06-03 00:00:00</subfield>
    <subfield code="t">2</subfield>
    <subfield code="v">515.00</subfield>
    <subfield code="w">2011-06-03</subfield>
    <subfield code="y">EN</subfield>
    <subfield code="z">Legal Case Register (2018)</subfield>
  </datafield>
  <datafield tag="952" ind1=" " ind2=" ">
    <subfield code="0">0</subfield>
    <subfield code="1">0</subfield>
    <subfield code="2">ddc</subfield>
    <subfield code="4">0</subfield>
    <subfield code="7">0</subfield>
    <subfield code="8">NFIC</subfield>
    <subfield code="a">BL1</subfield>
    <subfield code="b">BL1</subfield>
    <subfield code="d">2011-06-03</subfield>
    <subfield code="e">K.K.Pub/2300/9.3.11/77/4.3.11/15.3.11</subfield>
    <subfield code="g">515.00</subfield>
    <subfield code="l">0</subfield>
    <subfield code="o">658.802 CRA</subfield>
    <subfield code="p">B-422845</subfield>
    <subfield code="r">2011-06-03 00:00:00</subfield>
    <subfield code="t">1</subfield>
    <subfield code="v">515.00</subfield>
    <subfield code="w">2011-06-03</subfield>
    <subfield code="y">EN</subfield>
  </datafield>
  <datafield tag="952" ind1=" " ind2=" ">
    <subfield code="0">0</subfield>
    <subfield code="1">0</subfield>
    <subfield code="2">ddc</subfield>
    <subfield code="4">0</subfield>
    <subfield code="7">0</subfield>
    <subfield code="8">NFIC</subfield>
    <subfield code="a">ZLS</subfield>
    <subfield code="b">ZLS</subfield>
    <subfield code="d">2011-06-03</subfield>
    <subfield code="e">K.K.Pub/2300/9.3.11/77/4.3.11/15.3.11</subfield>
    <subfield code="g">515.00</subfield>
    <subfield code="l">2</subfield>
    <subfield code="m">4</subfield>
    <subfield code="o">658.802 CRA</subfield>
    <subfield code="p">B-422846</subfield>
    <subfield code="r">2022-05-05 00:00:00</subfield>
    <subfield code="s">2022-03-30</subfield>
    <subfield code="t">1</subfield>
    <subfield code="v">515.00</subfield>
    <subfield code="w">2011-06-03</subfield>
    <subfield code="y">EN</subfield>
  </datafield>
  <datafield tag="952" ind1=" " ind2=" ">
    <subfield code="0">0</subfield>
    <subfield code="1">0</subfield>
    <subfield code="2">ddc</subfield>
    <subfield code="4">0</subfield>
    <subfield code="7">0</subfield>
    <subfield code="8">NFIC</subfield>
    <subfield code="a">BL4</subfield>
    <subfield code="b">BL4</subfield>
    <subfield code="d">2011-06-03</subfield>
    <subfield code="e">K.K.Pub/2300/9.3.11/77/4.3.11/15.3.11</subfield>
    <subfield code="g">515.00</subfield>
    <subfield code="l">0</subfield>
    <subfield code="o">658.802 CRA</subfield>
    <subfield code="p">B-422847</subfield>
    <subfield code="r">2011-06-03 00:00:00</subfield>
    <subfield code="t">1</subfield>
    <subfield code="v">515.00</subfield>
    <subfield code="w">2011-06-03</subfield>
    <subfield code="y">EN</subfield>
  </datafield>
</record>
